Culture précise - Soliman le Magnifique, l'apogée de l'Empire ottoman - Statistiques

Statistiques générales
  • Ce quiz a été pris 55 fois
  • Le résultat moyen est 5 sur 10
Statistiques - réponses
Hint Réponse % Correct
Sur combien de continents s'étendaient ses conquêtes ? 3
96%
Qui est Mehmed II le conquérant de Constantinople pour lui ? Son grand-père
82%
Quelle viennoiserie a été créé par un boulanger voyant les drapeaux ottomans fuir ? Le croissant
78%
Dans quel actuel pays est-il mort lors d'une campagne militaire ? Hongrie
49%
Par quel échec son extension d'empire s'arrête ? Vienne
49%
Avec quel roi européen a-t-il signé des accords commerciaux ? François 1er
43%
Quel animal Soliman lui a offert en guise de signe d'amitié ? Un éléphant
33%
Qui était son meilleur allié sur les eaux de la mer méditerranée ? Barberousse
29%
Quel est son surnom en Orient (au lieu de Magnifique) ? Le législateur
29%
Quelle était sa passion en dehors du sultanat ? Orfèvrerie
0%
Aucun quiz correspondant
Distribution des résultats
% des personnes avec chaque résultat
Percentile par nombre de réponses
Votre historique - résultats
Vous n’avez pas pris ce quiz